000 00586nam a22001817a 4500
005 20231123090656.0
008 231123b |||||||| |||| 00| 0 eng d
020 _a0702135445
041 _aEnglish
082 _a342 BEN
100 _aBennett, TW
_lEnglish
245 _aHuman Rights and African Customary Law :
_bUnder the South African Constitution /
_cTW Bennett
250 _aFirst Edition
260 _aCape Town :
_bJuta and Company Ltd,
_c1995
300 _bxli, 174 pages ;
_c25,5 cm.
650 _aLegal practice
_bLaw
942 _cBK
_6ALISON_BN_VRIES
999 _c877
_d877